| 000 | 00636nam a2200217Ia 4500 | ||
|---|---|---|---|
| 005 | 20250508165340.0 | ||
| 008 | 008 250505s9999 xx 000 0 eng d | ||
| 020 | _a978-81-7658-071-7 | ||
| 037 | _aTextual | ||
| 040 |
_aFEDL _beng _cFEDL |
||
| 041 |
_aeng _2eng |
||
| 084 |
_a709.5, VAT _qFEDL |
||
| 100 | _aVatsyayan Kapila Ed. | ||
| 245 | 0 | _aTransmissions and transformations: Learning through the arts in Asia | |
| 245 | 0 | _cINDIAN INTERNATIONAL CENTRE | |
| 260 |
_aDelhi, India _bPrimus Books _c2011 |
||
| 300 | _aix, 175p. | ||
| 365 |
_aINR _b650 |
||
| 942 |
_cTEXL _h709.5, VAT |
||
| 999 |
_c1394602 _d1394602 |
||